[Event "Leipzig VfB op 15th"]
[Site "Leipzig"]
[Date "2008.02.28"]
[Round "3"]
[White "Grakovitch, Rudolf"]
[Black "Staffeldt, Sven"]
[Result "0-1"]
[WhiteElo "1449"]
[BlackElo "1881"]
[PlyCount "70"]
[EventDate "2008.02.26"]
[EventType "swiss"]
[EventRounds "9"]
[EventCountry "GER"]
[SourceTitle "CBM 123 Extra"]
[Source "ChessBase"]
[SourceDate "2008.05.06"]
[SourceVersion "1"]
[SourceVersionDate "2008.05.06"]
[SourceQuality "1"]

1. d4 Nf6 2. c4 d5 3. e3 Bf5 4. Nc3 e6 5. a3 a5 6. Qa4+ c6 7. c5 Nbd7 8. Nf3 h6 9. h3 Be7 10. Qb3 Rb8 11. Na4 b6 12. cxb6 Nxb6 13. Nxb6 Qxb6 14. Qxb6 Rxb6 15. Be2 0-0 16. 0-0 Nd7 17. Rd1 Rfb8 18. Bd3 Bxd3 19. Rxd3 c5 20. Ne5 Nxe5 21. dxe5 c4 22. Rd4 f6 23. Rg4 h5 24. Rg3 fxe5 25. b4 axb4 26. axb4 Rxb4 27. Ra7 R4b7 28. Rxb7 Rxb7 29. Bd2 Rb1+ 30. Kh2 Bh4 31. Rf3 e4 32. Rf4 Bg5 33. h4 Bxf4+ 34. exf4 Rb3 35. Be3 Rxe3 0-1

[Event "Leipzig VfB op 14th"]
[Site "Leipzig"]
[Date "2007.03.24"]
[Round "8"]
[White "Nittschalk, Karl"]
[Black "Grakovitch, Rudolf"]
[Result "1-0"]
[WhiteElo "1484"]
[BlackElo "1351"]
[PlyCount "167"]
[EventDate "2007.03.20"]
[EventType "swiss"]
[EventRounds "9"]
[EventCountry "GER"]
[SourceTitle "EXT 2008"]
[Source "ChessBase"]
[SourceDate "2007.11.25"]
[SourceVersion "1"]
[SourceVersionDate "2007.11.25"]
[SourceQuality "1"]

1. e4 d5 2. exd5 Qxd5 3. Nf3 c6 4. h3 Bf5 5. Nc3 Qd6 6. d3 e6 7. a3 Nd7 8. Be3 Ngf6 9. Be2 h6 10. Qd2 Qc7 11. d4 Nb6 12. Bd3 Bh7 13. Bxh7 Nxh7 14. Qe2 a6 15. 0-0 Bd6 16. Ne4 Nd5 17. Nxd6+ Qxd6 18. Bd2 Nhf6 19. Ne5 Ne7 20. c3 0-0 21. Ng4 Nxg4 22. Qxg4 Ng6 23. f4 Ne7 24. Rae1 f5 25. Qe2 Rf6 26. Rf3 Rd8 27. Qf2 Ng6 28. h4 h5 29. g3 c5 30. Rd3 Ne7 31. Be3 c4 32. Rd2 Nd5 33. Qe2 Rg6 34. Qf3 Rg4 35. Kh2 Nf6 36. Qxb7 Ne4 37. Rg2 Rd7 38. Qc8+ Kh7 39. Qxc4 Rc7 40. Qe2 Qc6 41. Rd1 Qa4 42. Qd3 Rb7 43. Bc1 Rxg3 44. Rxg3 Nf2 45. Rxg7+ Kxg7 46. Rg1+ Kh6 47. Qe2 Ng4+ 48. Kg2 Qc6+ 49. Qf3 Qb6 50. Re1 Rg7 51. Kh3 Nf6 52. Re2 Ne4 53. Rg2 Rg4 54. Qe3 Qc6 55. d5 Qxd5 56. Rxg4 hxg4+ 57. Kh2 Qd1 58. Qg1 g3+ 59. Kh1 Qg4 60. Qg2 Nf2+ 61. Kg1 Qd1+ 62. Qf1 Qf3 63. Qg2 Qd1+ 64. Qf1 Nh3+ 65. Kg2 Qg4 66. Be3 Qxh4 67. Qf3 Qg4 68. Qxg4 fxg4 69. f5+ Kg7 70. fxe6 Kf6 71. Kxg3 Kxe6 72. Kxg4 Kd5 73. Kxh3 Kc4 74. Bc1 Kb3 75. Bd2 Kc4 76. Kg3 a5 77. Kf3 Kd3 78. a4 Kc4 79. Ke3 Kb3 80. Bc1 Kxa4 81. Kd4 Kb5 82. b3 a4 83. bxa4+ Kxa4 84. Kc4 1-0